Statistics for Countries That Do Not Share A Border

Click here to take the quiz!

General Stats

  • This quiz has been taken 7,870 times
  • The average score is 30 of 40

Answer Stats

Country% Correct
Australia
96%
New Zealand
92%
Madagascar
88%
Iceland
87%
Japan
87%
Cuba
86%
Jamaica
82%
Malta
82%
Bahamas
81%
Cyprus
81%
Fiji
81%
Sri Lanka
79%
Seychelles
78%
St. Kitts and Nevis
78%
Barbados
78%
Antigua and Barbuda
77%
Trinidad and Tobago
76%
St. Lucia
76%
Maldives
75%
St. Vincent and the Grenadines
75%
Tonga
74%
Tuvalu
74%
Taiwan
73%
Cape Verde
73%
Marshall Islands
73%
Samoa
73%
Nauru
73%
Vanuatu
72%
Palau
72%
Micronesia
71%
Kiribati
71%
Sao Tome and Principe
69%
Solomon Islands
69%
Comoros
68%
Grenada
67%
Mauritius
67%
Dominica
65%
Philippines
62%
Bahrain
54%
Singapore
50%

Score Distribution

Percentile by Number Answered

Percent of People with Each Score

Your Score History

You have not taken this quiz